Ferro-carril del Norte, Segovia : (Record no. 180459)

MARC details
000 -LEADER
campo de control de longitud fija 00915nam a2200205 i 4500
001 - NÚMERO DE CONTROL
campo de control 180459
003 - IDENTIFICADOR DE NÚMERO DE CONTROL
campo de control ES-MaACL
005 - FECHA Y HORA DE LA ÚLTIMA TRANSACCIÓN
campo de control 20230906221113.0
008 - DATOS DE LONGITUD FIJA--INFORMACIÓN GENERAL
campo de control de longitud fija 120606s1854 sp |||| | spa d
245 00 - MENCIÓN DEL TÍTULO
Título Ferro-carril del Norte, Segovia :
Resto del título artículos de El Diario español y La Época acerca de la 1ª Sección de Madrid a Valladolid.
260 ## - PUBLICACIÓN, DISTRIBUCIÓN, ETC.
Lugar de publicación, distribución, etc. Madrid :
Nombre del editor, distribuidor, etc. [s.n.],
Fecha de publicación, distribución, etc. 1854 (
Fabricante Imp. del Colegio de Sordo-Mudos y de Ciegos)
300 ## - DESCRIPCIÓN FÍSICA
Extensión 144 p. ;
Dimensiones 22 cm.
530 ## - NOTA DISPONIBLE DE FORMULARIO FÍSICO ADICIONAL
Nota de formato físico adicional disponible Disponible en formato digital.
610 24 - PUNTO DE ACCESO ADICIONAL DE MATERIA--NOMBRE DE ENTIDAD CORPORATIVA
Nombre de entidad corporativa o nombre de jurisdicción como elemento de entrada Compañia de los Caminos de Hierro del Norte de España.
9 (RLIN) 3117
650 #4 - PUNTO DE ACCESO ADICIONAL DE MATERIA--TÉRMINO DE MATERIA
Término de materia o nombre geográfico como elemento de entrada Ferrocarriles-
Subdivisión general Diseño y construcción.
9 (RLIN) 136098
650 #4 - PUNTO DE ACCESO ADICIONAL DE MATERIA--TÉRMINO DE MATERIA
Término de materia o nombre geográfico como elemento de entrada Ferrocarriles-
Subdivisión geográfica Segovia (Provincia)
9 (RLIN) 175872
650 #4 - PUNTO DE ACCESO ADICIONAL DE MATERIA--TÉRMINO DE MATERIA
Término de materia o nombre geográfico como elemento de entrada Ferrocarriles-
Subdivisión geográfica España-
Subdivisión cronológica S. XIX.
9 (RLIN) 12762
852 4# - LOCALIZACIÓN
Ubicación ES-MaACL
Número de control de estantería T-35-F-9
856 4# - LOCALIZACIÓN Y ACCESO ELECTRÓNICOS
Identificador Uniforme de Recursos <a href="https://bibliotecadigital.jcyl.es/es/consulta/registro.do?id=1188">https://bibliotecadigital.jcyl.es/es/consulta/registro.do?id=1188</a>
Nota pública Biblioteca Digital de Castilla y León
Holdings
Estatus retirado Estado de pérdida Estado de daño No para préstamo Colección Biblioteca de origen Biblioteca actual Ubicación en estantería Fecha de adquisición Fuente de adquisición Total de préstamos Signatura topográfica completa Código de barras Visto por última vez Precio de reemplazo Tipo de ítem Koha
        Colección de folletos Biblioteca del Ateneo de Madrid Biblioteca del Ateneo de Madrid Depósito folletos 06/06/2012     T-35-F-9 1189621 23/02/2023 23/02/2023 Folleto